<?xml version="1.0" encoding="UTF-8"?><?xml-stylesheet type="text/xsl" href="static/style.xsl"?><OAI-PMH xmlns="http://www.openarchives.org/OAI/2.0/" xmlns:xsi="http://www.w3.org/2001/XMLSchema-instance" xsi:schemaLocation="http://www.openarchives.org/OAI/2.0/ http://www.openarchives.org/OAI/2.0/OAI-PMH.xsd"><responseDate>2026-04-17T05:42:30Z</responseDate><request verb="GetRecord" identifier="oai:www.recercat.cat:2072/475691" metadataPrefix="marc">https://recercat.cat/oai/request</request><GetRecord><record><header><identifier>oai:recercat.cat:2072/475691</identifier><datestamp>2025-05-08T15:32:54Z</datestamp><setSpec>com_2072_98</setSpec><setSpec>col_2072_378192</setSpec></header><metadata><record xmlns="http://www.loc.gov/MARC21/slim" xmlns:dcterms="http://purl.org/dc/terms/" xmlns:xsi="http://www.w3.org/2001/XMLSchema-instance" xmlns:doc="http://www.lyncode.com/xoai" xsi:schemaLocation="http://www.loc.gov/MARC21/slim http://www.loc.gov/standards/marcxml/schema/MARC21slim.xsd">
   <leader>00925njm 22002777a 4500</leader>
   <datafield ind2=" " ind1=" " tag="042">
      <subfield code="a">dc</subfield>
   </datafield>
   <datafield ind2=" " ind1=" " tag="720">
      <subfield code="a">Pereira-Rodríguez, José Antonio</subfield>
      <subfield code="e">author</subfield>
   </datafield>
   <datafield ind2=" " ind1=" " tag="720">
      <subfield code="a">Amador Gil, Sara</subfield>
      <subfield code="e">author</subfield>
   </datafield>
   <datafield ind2=" " ind1=" " tag="720">
      <subfield code="a">Bravo-Salva, Alejandro</subfield>
      <subfield code="e">author</subfield>
   </datafield>
   <datafield ind2=" " ind1=" " tag="720">
      <subfield code="a">Montcusí-Ventura, B.</subfield>
      <subfield code="e">author</subfield>
   </datafield>
   <datafield ind2=" " ind1=" " tag="720">
      <subfield code="a">Sancho Insenser, Joan Josep</subfield>
      <subfield code="e">author</subfield>
   </datafield>
   <datafield ind2=" " ind1=" " tag="720">
      <subfield code="a">Pera-Román, M.</subfield>
      <subfield code="e">author</subfield>
   </datafield>
   <datafield ind2=" " ind1=" " tag="720">
      <subfield code="a">López Cano, Marc</subfield>
      <subfield code="e">author</subfield>
   </datafield>
   <datafield ind2=" " ind1=" " tag="720">
      <subfield code="a">Universitat Autònoma de Barcelona</subfield>
      <subfield code="e">author</subfield>
   </datafield>
   <datafield ind2=" " ind1=" " tag="260">
      <subfield code="c">2021</subfield>
   </datafield>
   <datafield ind2=" " ind1=" " tag="520">
      <subfield code="a">The small bites (SB) technique for closure of elective midline laparotomies (EMLs) and a prophylactic mesh (PM) in high-risk patients are suggested by the guidelines to prevent incisional hernias (IHs) and fascial dehiscence (FD). Our aim was to implement a protocol combining both the techniques and to analyze its outcomes. Prospective data of all EMLs were collected for 2 years. Results were analyzed at 1 month and during follow-up. The incidence of HI and FD was compared by groups (M = Mesh vs. S = suture) and by subgroups depending on using SB. A lower number of FD appeared in the M group (OR 0.0692; 95% CI 0.008-0.56; P = 0.01) in 197 operations. After a mean follow-up of 29.23 months (N = 163; min. 6 months), with a lower frequency of IH in M group (OR 0.769; 95% CI 0.65-0.91; P &lt; 0.0001). (33) The observed differences persisted after a propensity matching score: FD (OR 0.355; 95% CI 0.255-0.494; P &lt; 0.0001) and IH (OR 0.394; 95% CI 0.24-0.61; P &lt; 0.0001). On comparing suturing techniques by subgroups, both mesh subgroups had better outcomes. PM was the main factor related to the reduction of IH (HR 11.794; 95% CI 4.29-32.39; P &lt; 0.0001). Following the protocol using PM and SB showed a lower rate of FD and HI. A PM is safe and effective for the prevention of both HI and FD after MLE, regardless of the closure technique used.</subfield>
   </datafield>
   <datafield tag="653" ind2=" " ind1=" ">
      <subfield code="a">Abdominal wall closure</subfield>
   </datafield>
   <datafield tag="653" ind2=" " ind1=" ">
      <subfield code="a">Laparotomy closure</subfield>
   </datafield>
   <datafield tag="653" ind2=" " ind1=" ">
      <subfield code="a">Incisional hernia</subfield>
   </datafield>
   <datafield tag="653" ind2=" " ind1=" ">
      <subfield code="a">Small bites</subfield>
   </datafield>
   <datafield tag="653" ind2=" " ind1=" ">
      <subfield code="a">Short stitch</subfield>
   </datafield>
   <datafield tag="653" ind2=" " ind1=" ">
      <subfield code="a">Prophylactic mesh</subfield>
   </datafield>
   <datafield ind2="0" ind1="0" tag="245">
      <subfield code="a">Implementing a protocol to prevent incisional hernia in high-risk patients : a mesh is a powerful tool</subfield>
   </datafield>
</record></metadata></record></GetRecord></OAI-PMH>